[Event "Women's Speed Chess Main"]
[Site "chess.com INT"]
[Date "2021.06.19"]
[Round "1.24"]
[White "Vaishali, R"]
[Black "Lei, Tingjie"]
[Result "0-1"]
[WhiteTitle "WGM"]
[BlackTitle "GM"]
[WhiteElo "2393"]
[BlackElo "2505"]
[WhiteFideId "5091756"]
[BlackFideId "8605114"]
[EventDate "2021.06.12"]

1. e4 e5 2. Nf3 Nc6 3. Nc3 Nf6 4. a4 Bc5 5. Nxe5 Nxe5 6. d4 Bb4 7. dxe5 Nxe4 8.
Qg4 d5 9. Qxg7 Rf8 10. Bh6 Be6 11. Bd3 Qd7 12. O-O O-O-O 13. Nxe4 dxe4 14. Bxe4
Rg8 15. Qf6 Be7 16. Qf3 c6 17. a5 Bh3 18. Qe3 Bc5 19. Qf4 Bxg2 20. Bxg2 Rg4 21.
Qf3 Rdg8 22. Kh1 Rxg2 23. Rad1 Qe6 24. Be3 Bxe3 25. Qxe3 Qg4 26. Rd4 Rxh2+ 27.
Kxh2 Qg2# 0-1

[Event "Women's Speed Chess Main"]
[Site "chess.com INT"]
[Date "2021.06.19"]
[Round "1.25"]
[White "Lei, Tingjie"]
[Black "Vaishali, R"]
[Result "1-0"]
[WhiteTitle "GM"]
[BlackTitle "WGM"]
[WhiteElo "2505"]
[BlackElo "2393"]
[WhiteFideId "8605114"]
[BlackFideId "5091756"]
[EventDate "2021.06.12"]

1. e4 c5 2. Nf3 Nc6 3. Bb5 g6 4. O-O Bg7 5. Re1 e5 6. c3 Nge7 7. a4 O-O 8. Na3
a6 9. Bf1 d5 10. d3 h6 11. exd5 Nxd5 12. Nc4 Re8 13. a5 Bf5 14. Bd2 Qd7 15. Qc1
Kh7 16. Be3 e4 17. dxe4 Bxe4 18. Nfd2 Nxe3 19. Rxe3 Bf5 20. Nb6 Qc7 21. Nxa8
Rxa8 22. Nc4 h5 23. Bd3 Be6 24. Qd1 Qf4 25. Rxe6 fxe6 26. Qxh5+ Kg8 27. Qxg6 Rf8
28. Qxe6+ Qf7 29. Qxf7+ Rxf7 30. Re1 Rd7 31. Bf5 Rd8 32. h4 Bf6 33. h5 Kg7 34.
Re6 Rd1+ 35. Kh2 Bd8 36. h6+ Kf7 37. h7 Bc7+ 38. g3 Rd8 39. Re1 Kf6 40. Be6 Nxa5
41. Nxa5 Bxa5 42. Bg8 Kg7 43. Re7+ Kh8 44. Rxb7 c4 45. Kg2 Rf8 46. Bxc4 Bd8 47.
Rd7 a5 48. f4 Bb6 49. Rb7 Bc5 50. Kf3 a4 51. g4 a3 52. bxa3 Bxa3 53. Rb3 Bd6 54.
Bd3 Bxf4 55. Bf5 Bg5 56. Rb6 Re8 57. Rd6 Re3+ 58. Kf2 Rxc3 59. Rg6 Be3+ 60. Ke2 1-0

[Event "Women's Speed Chess Main"]
[Site "chess.com INT"]
[Date "2021.06.19"]
[Round "1.26"]
[White "Vaishali, R"]
[Black "Lei, Tingjie"]
[Result "1/2-1/2"]
[WhiteTitle "WGM"]
[BlackTitle "GM"]
[WhiteElo "2393"]
[BlackElo "2505"]
[WhiteFideId "5091756"]
[BlackFideId "8605114"]
[EventDate "2021.06.12"]

1. d4 Nf6 2. Bf4 d5 3. e3 c5 4. Nf3 e6 5. Bd3 Qb6 6. O-O Bd6 7. Bxd6 Qxd6 8.
dxc5 Qxc5 9. Nbd2 Nc6 10. c4 O-O 11. cxd5 Nxd5 12. Ne4 Qe7 13. Rc1 Rd8 14. Qe2
Bd7 15. Rc4 Be8 16. a3 Rac8 17. Rfc1 a6 18. b4 Na7 19. Rxc8 Rxc8 20. Rxc8 Nxc8
21. Qc2 Ncb6 22. Ne5 f6 23. Nc4 Nxc4 24. Qxc4 Bb5 25. Qc8+ Kf7 26. Bxb5 axb5 27.
Qxb7 Qxb7 28. Nd6+ Ke7 29. Nxb7 Nb6 30. Na5 Kd6 31. Kf1 Kd5 32. Ke2 Nc4 33. Kd3
Nxa3 34. e4+ Ke5 35. Nc6+ Kd6 36. Nd4 g6 37. h4 e5 38. Ne2 f5 39. Nc3 h5 40. g3
Ke6 41. f4 exf4 42. gxf4 fxe4+ 43. Kxe4 Nc2 44. Nxb5 Nxb4 45. Nd4+ Kf6 46. f5
gxf5+ 47. Nxf5 Nc6 48. Ng3 Kg6 49. Nxh5 Kxh5 50. Kd5 Kxh4 1/2-1/2

[Event "Women's Speed Chess Main"]
[Site "chess.com INT"]
[Date "2021.06.19"]
[Round "1.31"]
[White "Lei, Tingjie"]
[Black "Vaishali, R"]
[Result "0-1"]
[WhiteTitle "GM"]
[BlackTitle "WGM"]
[WhiteElo "2505"]
[BlackElo "2393"]
[WhiteFideId "8605114"]
[BlackFideId "5091756"]
[EventDate "2021.06.12"]

1. e4 Nc6 2. d4 d6 3. Nf3 g6 4. c4 Bg7 5. d5 Ne5 6. Nd4 c5 7. dxc6 Nxc6 8. Be3
Nf6 9. Nc3 Ng4 10. Nxc6 bxc6 11. Qd3 Nxe3 12. Qxe3 O-O 13. Be2 Rb8 14. b3 Qa5
15. Rc1 Qb6 16. Qxb6 axb6 17. O-O f5 18. Bd3 f4 19. f3 Bd4+ 20. Kh1 e5 21. Rfd1
Kf7 22. Ne2 Be3 23. Rb1 Ke7 24. b4 h5 25. b5 Bd7 26. bxc6 Bxc6 27. Nc3 Ra8 28.
a4 g5 29. Rb4 Bd4 30. Nd5+ Bxd5 31. exd5 Bc5 32. Rb2 Rxa4 33. Rdb1 Rfa8 34. h3
Ra3 35. Be2 Ra1 36. Bd3 R8a3 37. Be2 Bd4 38. Rb3 Rxb3 0-1

[Event "Women's Speed Chess Main"]
[Site "chess.com INT"]
[Date "2021.06.19"]
[Round "1.32"]
[White "Vaishali, R"]
[Black "Lei, Tingjie"]
[Result "1-0"]
[WhiteTitle "WGM"]
[BlackTitle "GM"]
[WhiteElo "2393"]
[BlackElo "2505"]
[WhiteFideId "5091756"]
[BlackFideId "8605114"]
[EventDate "2021.06.12"]

1. d4 Nf6 2. Bf4 d5 3. e3 e6 4. Nf3 c5 5. Bd3 Qb6 6. Nbd2 Bd6 7. Bxd6 Qxd6 8.
dxc5 Qxc5 9. c4 Nc6 10. Rc1 Qe7 11. cxd5 Nxd5 12. O-O O-O 13. a3 Rd8 14. Qc2 h6
15. Ne4 Bd7 16. Rfd1 Be8 17. Ng3 Rac8 18. Qb3 Na5 19. Qa2 Ba4 20. Rxc8 Rxc8 21.
Re1 Qc7 22. Qb1 Bc2 23. Bxc2 Qxc2 24. Nd4 Qxb1 25. Rxb1 a6 26. Nf1 e5 27. Nf5
Kf8 28. Rd1 Nf6 29. f3 Nb3 30. Rd3 Na5 31. g4 Nc4 32. Rc3 b5 33. b3 Nd5 34. Rc1
Ncb6 35. Rxc8+ Nxc8 36. e4 Nc3 37. Kf2 Nb6 38. Ke3 Nb1 39. Kd3 Nxa3 40. N5e3 b4
41. Nd2 a5 42. Ndc4 Nd7 43. Nxa5 Nc5+ 44. Ke2 Nb5 45. Nec4 f6 46. Nc6 Nxb3 47.
Nxb4 N3d4+ 48. Kf2 Nc3 49. Nd3 Nd1+ 50. Kg3 Kf7 51. Nd6+ Kg6 52. h4 Ne3 53. h5+
Kh7 54. Nf5 Nexf5+ 55. gxf5 Ne2+ 56. Kf2 Nd4 57. Ke3 Nc6 58. f4 exf4+ 59. Nxf4
Ne5 60. Kd4 Nf3+ 61. Kd5 Nd2 62. Ne2 Kg8 63. Ng3 Kf7 64. Kd4 Nf3+ 65. Kd5 Ne5
66. Kd6 Nc4+ 67. Kd5 Nd2 68. Ne2 Ke7 69. Nf4 Kf7 70. Ne6 Nf3 71. Nd8+ Kg8 72.
Ne6 Ng5 73. e5 fxe5 74. Kxe5 Nf7+ 75. Kd5 Ng5 76. Kd6 Ne4+ 77. Ke7 Ng3 78. Nxg7
Kxg7 79. f6+ Kh7 80. f7 Nf5+ 81. Kf6 1-0

[Event "Women's Speed Chess Main"]
[Site "chess.com INT"]
[Date "2021.06.19"]
[Round "1.33"]
[White "Lei, Tingjie"]
[Black "Vaishali, R"]
[Result "1-0"]
[WhiteTitle "GM"]
[BlackTitle "WGM"]
[WhiteElo "2505"]
[BlackElo "2393"]
[WhiteFideId "8605114"]
[BlackFideId "5091756"]
[EventDate "2021.06.12"]

1. e4 Nc6 2. Nc3 g6 3. d4 d6 4. h3 Bg7 5. Nf3 Nf6 6. d5 Nb8 7. Be3 O-O 8. g4 c6
9. g5 Nfd7 10. h4 b5 11. dxc6 Nxc6 12. Bxb5 Bb7 13. Bxc6 Bxc6 14. Bd4 e5 15. Be3
Nb6 16. Qd3 d5 17. Bxb6 Qxb6 18. exd5 e4 19. Nxe4 Qxb2 20. O-O Bd7 21. Rfb1 Qxa1
22. Rxa1 Bxa1 23. c4 Rfe8 24. Nf6+ Bxf6 25. gxf6 h6 26. Qd2 Kh7 27. Qf4 Bf5 28.
Ne5 Rf8 29. Nc6 Rae8 30. Ne7 Rb8 31. Nxf5 gxf5 32. Qxf5+ Kh8 33. Qh5 Rg8+ 34.
Kf1 Rg6 35. Qe5 Rbg8 36. d6 Rg1+ 37. Ke2 Rb1 38. d7 Rbb8 39. Qf4 Kh7 40. Qf5+
Kh8 41. c5 Rb5 42. Qf4 Kh7 43. Qe4+ Kh8 44. Qe3 Rb2+ 45. Kf3 Kh7 46. Qd3+ Kh8
47. d8=Q 1-0

[Event "Women's Speed Chess Main"]
[Site "chess.com INT"]
[Date "2021.06.19"]
[Round "1.34"]
[White "Vaishali, R"]
[Black "Lei, Tingjie"]
[Result "0-1"]
[WhiteTitle "WGM"]
[BlackTitle "GM"]
[WhiteElo "2393"]
[BlackElo "2505"]
[WhiteFideId "5091756"]
[BlackFideId "8605114"]
[EventDate "2021.06.12"]

1. d4 d5 2. Bf4 Nf6 3. e3 e6 4. Nf3 c5 5. Nbd2 Nc6 6. Bd3 Bd6 7. Bg3 b6 8. c4
Bb7 9. cxd5 Nxd5 10. Bxd6 Qxd6 11. Ne4 Qe7 12. dxc5 O-O 13. O-O bxc5 14. a3 Rfd8
15. Qc2 c4 16. Qxc4 Na5 17. Qa2 Nxe3 18. fxe3 Rxd3 19. Neg5 Bxf3 20. Nxf3 Rxe3
21. b4 Nb7 22. Rac1 Rd8 23. Qf2 Rxa3 24. Ng5 f6 25. Ne4 Ra4 26. Qg3 Kh8 27. Rc7
Rd7 28. Rc8+ Nd8 29. Nc5 Rxb4 30. Nxd7 Qxd7 31. Qc7 Qxc7 32. Rxc7 Rd4 33. Rb1 h6
34. Rb8 Kh7 35. Ra8 e5 36. Raxa7 Ne6 37. Re7 Rd1+ 38. Kf2 Rd2+ 39. Ke3 Rd6 40.
g3 Kg6 41. h4 f5 42. Ra5 Kf6 43. Rb7 Rc6 44. Rbb5 Rc3+ 45. Kd2 Rxg3 46. Rxe5 Nd4
47. Red5 Nb3+ 48. Ke2 Nxa5 49. Rxa5 Rg4 50. h5 Rh4 51. Kf3 Rxh5 0-1

[Event "Women's Speed Chess Main"]
[Site "chess.com INT"]
[Date "2021.06.19"]
[Round "1.35"]
[White "Lei, Tingjie"]
[Black "Vaishali, R"]
[Result "1-0"]
[WhiteTitle "GM"]
[BlackTitle "WGM"]
[WhiteElo "2505"]
[BlackElo "2393"]
[WhiteFideId "8605114"]
[BlackFideId "5091756"]
[EventDate "2021.06.12"]

1. e4 c5 2. Nf3 Nc6 3. d4 cxd4 4. Nxd4 Nf6 5. Nc3 d6 6. Bg5 g6 7. Bxf6 exf6 8.
Bb5 Bd7 9. O-O Bg7 10. Qd2 O-O 11. Nxc6 Bxc6 12. Bc4 Re8 13. Rfe1 Qb6 14. b3 Qa5
15. Rad1 f5 16. Nd5 Qxd2 17. Rxd2 Rxe4 18. Rxe4 fxe4 19. Ne7+ Kf8 20. Nxc6 bxc6
21. Rxd6 Be5 22. Rd7 f5 23. Rf7+ Ke8 24. Rxh7 Rd8 25. Kf1 Rd2 26. Bf7+ Ke7 27.
Bxg6+ Kf6 28. Be8 Bc3 29. Rf7+ Ke6 30. g4 fxg4 31. Rf4 Ke5 32. Rxg4 Bd4 33. Bxc6
Rxf2+ 34. Ke1 Bb6 35. Bxe4 Rxh2 36. Bd3 a5 37. a3 Bc5 38. b4 axb4 39. axb4 Bd4
40. Re4+ Kd5 41. c4+ 1-0

[Event "Women's Speed Chess Main"]
[Site "chess.com INT"]
[Date "2021.06.19"]
[Round "1.36"]
[White "Vaishali, R"]
[Black "Lei, Tingjie"]
[Result "0-1"]
[WhiteTitle "WGM"]
[BlackTitle "GM"]
[WhiteElo "2393"]
[BlackElo "2505"]
[WhiteFideId "5091756"]
[BlackFideId "8605114"]
[EventDate "2021.06.12"]

1. d4 Nf6 2. Bf4 d5 3. Nf3 e6 4. e3 c5 5. c3 Qb6 6. Nbd2 Bd6 7. Ne5 Nbd7 8. Bd3
Qc7 9. Ndf3 b6 10. h4 Bb7 11. h5 h6 12. a4 Ne4 13. Bb5 Nf6 14. Rh3 O-O 15. g4 a6
16. Bd3 Ne4 17. g5 f6 18. gxf6 Ndxf6 19. Qe2 b5 20. a5 c4 21. Bc2 b4 22. Ng6
Rfe8 23. Nfe5 bxc3 24. bxc3 Nxc3 25. Qf3 Nce4 26. Qg2 Kh7 27. f3 Bb4+ 28. Kf1
Nd2+ 29. Kg1 Kg8 30. Bxh6 gxh6 31. Ne7+ Kf8 32. N7g6+ Kg8 33. Nf4+ Kf8 34. Rg3
Bd6 35. Nfg6+ Kg8 36. Ne7+ Kf8 37. Rg7 Rxe7 38. Ng6+ Ke8 39. Nxe7 Bxe7 40. Qg6+
Kd8 41. Ba4 Nxf3+ 42. Kf1 Bc6 43. Bxc6 Qxc6 44. Qf7 Qd6 45. Rb1 Ng5 46. Rb7 Nxf7
47. Rxf7 Rb8 48. Rxb8+ Qxb8 0-1

[Event "Women's Speed Chess Main"]
[Site "chess.com INT"]
[Date "2021.06.19"]
[Round "1.37"]
[White "Lei, Tingjie"]
[Black "Vaishali, R"]
[Result "1-0"]
[WhiteTitle "GM"]
[BlackTitle "WGM"]
[WhiteElo "2505"]
[BlackElo "2393"]
[WhiteFideId "8605114"]
[BlackFideId "5091756"]
[EventDate "2021.06.12"]

1. e4 e5 2. Nf3 Nc6 3. Bb5 a6 4. Ba4 d6 5. O-O Bd7 6. d4 Nf6 7. Re1 g6 8. Bxc6
Bxc6 9. dxe5 Nxe4 10. Nc3 Nxc3 11. bxc3 Bg7 12. Bg5 Qd7 13. exd6+ Kf8 14. Be7+
Kg8 15. Ne5 Bxe5 16. Rxe5 cxd6 17. Qxd6 Qxd6 18. Bxd6 Kg7 19. Bc5 Rhd8 20. Bd4
Kg8 21. a4 Rd7 22. a5 f6 23. Re6 f5 24. Rae1 Kf7 25. Rf6+ Kg8 26. h4 Rf8 27.
Rfe6 Bd5 28. R6e5 Be4 29. Kh2 Bxc2 30. Kg3 f4+ 31. Kh2 f3 32. g4 Ba4 33. Kg3 Bc6
34. h5 gxh5 35. Rg5+ Kf7 36. Rg7# 1-0

[Event "Women's Speed Chess Main"]
[Site "chess.com INT"]
[Date "2021.06.19"]
[Round "1.11"]
[White "Muzychuk, Anna"]
[Black "Osmak, Iulija"]
[Result "1/2-1/2"]
[WhiteTitle "GM"]
[BlackTitle "IM"]
[WhiteElo "2535"]
[BlackElo "2418"]
[WhiteFideId "14111330"]
[BlackFideId "14101602"]
[EventDate "2021.06.12"]

1. e4 e6 2. d4 d5 3. Nc3 Bb4 4. e5 b6 5. a3 Bf8 6. Nf3 Ne7 7. Bd3 Ba6 8. Bxa6
Nxa6 9. Qd3 Nb8 10. O-O Ng6 11. b3 Be7 12. Ne2 c5 13. c3 O-O 14. g3 Nc6 15. h4
Na5 16. b4 Nb3 17. Rb1 Nxc1 18. Rbxc1 f5 19. h5 Nh8 20. Nf4 c4 21. Qc2 Qd7 22.
a4 a5 23. b5 Nf7 24. Kg2 Ng5 25. Rh1 Nxf3 26. Kxf3 Bg5 27. Rcg1 Qe7 28. Ke2 Rf7
29. f3 Bxf4 30. gxf4 Kf8 31. Ke3 Ke8 32. Rg5 Kd7 33. Rhg1 Rg8 34. Qb2 Kc7 35.
Qa2 Rd8 36. Qb2 Rd7 37. Qa2 Kb7 38. Qb2 Qf8 39. Qa2 Qe7 40. Qb2 Qf8 41. Qa2 Qe7 1/2-1/2

[Event "Women's Speed Chess Main"]
[Site "chess.com INT"]
[Date "2021.06.19"]
[Round "1.12"]
[White "Osmak, Iulija"]
[Black "Muzychuk, Anna"]
[Result "0-1"]
[WhiteTitle "IM"]
[BlackTitle "GM"]
[WhiteElo "2418"]
[BlackElo "2535"]
[WhiteFideId "14101602"]
[BlackFideId "14111330"]
[EventDate "2021.06.12"]

1. d4 Nf6 2. c4 g6 3. Nc3 d5 4. cxd5 Nxd5 5. e4 Nxc3 6. bxc3 Bg7 7. Bb5+ c6 8.
Ba4 O-O 9. Nf3 Qa5 10. O-O Qxc3 11. Rb1 Qa5 12. h3 Nd7 13. Re1 b5 14. Bb3 Qc7
15. Be3 Nb6 16. Rc1 Qd6 17. Qc2 Bb7 18. Red1 Rac8 19. Qe2 e6 20. Qe1 Nd7 21. Qa5
a6 22. e5 Qc7 23. Qd2 c5 24. Ng5 h6 25. Nxf7 Kxf7 26. d5 c4 27. dxe6+ Kxe6 28.
Bxh6 Nxe5 29. Bxg7 Qxg7 30. Qd6+ Kf7 31. f4 cxb3 32. fxe5 Kg8 33. axb3 Qf7 34.
Kh1 Rxc1 35. Rxc1 Re8 36. Re1 Qe6 37. Qc7 Qd5 38. Rg1 Qc6 0-1

[Event "Women's Speed Chess Main"]
[Site "chess.com INT"]
[Date "2021.06.19"]
[Round "1.13"]
[White "Muzychuk, Anna"]
[Black "Osmak, Iulija"]
[Result "0-1"]
[WhiteTitle "GM"]
[BlackTitle "IM"]
[WhiteElo "2535"]
[BlackElo "2418"]
[WhiteFideId "14111330"]
[BlackFideId "14101602"]
[EventDate "2021.06.12"]

1. e4 e6 2. d4 d5 3. Nc3 Bb4 4. e5 b6 5. a3 Bf8 6. Nf3 Ne7 7. Bb5+ Bd7 8. Bd3 c5
9. b3 Ng6 10. Ne2 Nc6 11. c3 Be7 12. Be3 Na5 13. Bc2 Rc8 14. a4 cxd4 15. cxd4
Nc6 16. O-O Nb4 17. Bd3 O-O 18. Ne1 Qc7 19. Rc1 Qb7 20. Nc2 Nxd3 21. Qxd3 b5 22.
a5 b4 23. Qd2 Bb5 24. Rfe1 Bxe2 25. Rxe2 Rc3 26. Rb1 Rfc8 27. Ne1 Qb5 28. Qa2
Nh4 29. g3 Nf5 30. Nf3 Nxe3 31. fxe3 Qd3 32. Ne1 Qe4 33. Kf2 Bg5 34. Ng2 Rc2 35.
Rb2 Rc1 36. Rbd2 h5 37. h4 Be7 38. Ne1 g5 39. hxg5 Bxg5 40. Rc2 R8xc2 41. Nxc2
Rxc2 42. Qxc2 Bxe3+ 43. Kf1 Qh1# 0-1

[Event "Women's Speed Chess Main"]
[Site "chess.com INT"]
[Date "2021.06.19"]
[Round "1.14"]
[White "Osmak, Iulija"]
[Black "Muzychuk, Anna"]
[Result "0-1"]
[WhiteTitle "IM"]
[BlackTitle "GM"]
[WhiteElo "2418"]
[BlackElo "2535"]
[WhiteFideId "14101602"]
[BlackFideId "14111330"]
[EventDate "2021.06.12"]

1. d4 Nf6 2. c4 g6 3. g3 c6 4. Bg2 d5 5. Nf3 Bg7 6. Qb3 O-O 7. Nc3 Qb6 8. O-O
Rd8 9. Bd2 Bf5 10. Na4 Qxb3 11. axb3 Nbd7 12. Rfc1 h6 13. e3 g5 14. Ba5 Rdc8 15.
Bb4 e6 16. Nc5 Bf8 17. Nxd7 Nxd7 18. Bxf8 Kxf8 19. Bf1 Ke7 20. Ra3 f6 21. Rca1
a6 22. Nd2 h5 23. Be2 h4 24. gxh4 gxh4 25. f3 Rg8+ 26. Kf2 Bh3 27. Bf1 Bxf1 28.
Nxf1 Rg7 29. e4 Rag8 30. Ne3 c5 31. cxd5 cxd4 32. Ng4 exd5 33. exd5 f5 34. Re1+
Kd8 35. Nh6 Rg2+ 36. Kf1 Rg1+ 37. Ke2 Re8+ 38. Kf2 Rexe1 0-1

[Event "Women's Speed Chess Main"]
[Site "chess.com INT"]
[Date "2021.06.19"]
[Round "1.15"]
[White "Muzychuk, Anna"]
[Black "Osmak, Iulija"]
[Result "1-0"]
[WhiteTitle "GM"]
[BlackTitle "IM"]
[WhiteElo "2535"]
[BlackElo "2418"]
[WhiteFideId "14111330"]
[BlackFideId "14101602"]
[EventDate "2021.06.12"]

1. e4 e6 2. d4 d5 3. Nc3 Bb4 4. e5 b6 5. a3 Bf8 6. Nf3 Ne7 7. Bd3 Ba6 8. Bxa6
Nxa6 9. O-O Nf5 10. Ne2 Be7 11. c4 O-O 12. cxd5 Qxd5 13. Nc3 Qb7 14. d5 Rad8 15.
Qc2 g6 16. dxe6 fxe6 17. Bg5 Bxg5 18. Nxg5 Nd4 19. Qe4 Nc5 20. Qh4 c6 21. b4
Ncb3 22. Rad1 Qe7 23. Nce4 Nf5 24. Qh3 h6 25. Nf6+ Kg7 26. Ngh7 Nd2 27. Nxf8
Nxf1 28. Rxd8 1-0

[Event "Women's Speed Chess Main"]
[Site "chess.com INT"]
[Date "2021.06.19"]
[Round "1.16"]
[White "Osmak, Iulija"]
[Black "Muzychuk, Anna"]
[Result "1-0"]
[WhiteTitle "IM"]
[BlackTitle "GM"]
[WhiteElo "2418"]
[BlackElo "2535"]
[WhiteFideId "14101602"]
[BlackFideId "14111330"]
[EventDate "2021.06.12"]

1. c4 c5 2. Nc3 Nc6 3. g3 g6 4. Bg2 Bg7 5. h4 h6 6. d3 e6 7. h5 g5 8. f4 g4 9.
e4 f5 10. Be3 d6 11. Nge2 Nge7 12. d4 cxd4 13. Nxd4 O-O 14. Qd2 fxe4 15. Bxe4 d5
16. cxd5 exd5 17. Bg2 Nxd4 18. Bxd4 Be6 19. O-O-O Rc8 20. Bxg7 Kxg7 21. Rhe1 Bf7
22. Qd4+ Kh7 23. Qf6 Nc6 24. Be4+ Kg8 25. Qxh6 1-0

[Event "Women's Speed Chess Main"]
[Site "chess.com INT"]
[Date "2021.06.19"]
[Round "1.17"]
[White "Muzychuk, Anna"]
[Black "Osmak, Iulija"]
[Result "1-0"]
[WhiteTitle "GM"]
[BlackTitle "IM"]
[WhiteElo "2535"]
[BlackElo "2418"]
[WhiteFideId "14111330"]
[BlackFideId "14101602"]
[EventDate "2021.06.12"]

1. e4 e6 2. d4 d5 3. Nc3 Bb4 4. e5 b6 5. a3 Bf8 6. Nf3 Ne7 7. Bd3 Ba6 8. Bxa6
Nxa6 9. O-O Ng6 10. Ne2 Qd7 11. c3 Be7 12. Be3 O-O 13. b4 c5 14. Qd2 Rac8 15. g3
cxd4 16. cxd4 Rc4 17. Rfc1 Rfc8 18. Ne1 Qa4 19. Nd3 Nf8 20. Rxc4 dxc4 21. Nc3
Qd7 22. Nf4 Nc7 23. d5 exd5 24. Nfxd5 Nxd5 25. Qxd5 Qf5 26. Rd1 h6 27. Qe4 Qxe4
28. Nxe4 Ne6 29. Nc3 f6 30. exf6 Bxf6 31. Rc1 Rc6 32. Kf1 a6 33. a4 Bxc3 34.
Rxc3 b5 35. axb5 axb5 36. Ra3 Rd6 37. Ke2 Nd4+ 38. Bxd4 Rxd4 39. Ra5 Rd5 40.
Ra8+ Kf7 41. Rc8 Kf6 42. Rc6+ Kf5 43. Ke3 h5 44. f3 g5 45. Ke2 h4 46. gxh4 gxh4
47. Rc8 Kf4 48. Rf8+ Kg5 49. Rg8+ Kf4 50. Rf8+ Rf5 51. Rc8 Re5+ 52. Kf2 Rd5 53.
Ke2 Re5+ 54. Kf2 Rd5 55. Ke2 Kg5 56. Ke3 Kf5 57. Rf8+ Ke5 58. Re8+ 1-0

[Event "Women's Speed Chess Main"]
[Site "chess.com INT"]
[Date "2021.06.19"]
[Round "1.21"]
[White "Osmak, Iulija"]
[Black "Muzychuk, Anna"]
[Result "0-1"]
[WhiteTitle "IM"]
[BlackTitle "GM"]
[WhiteElo "2418"]
[BlackElo "2535"]
[WhiteFideId "14101602"]
[BlackFideId "14111330"]
[EventDate "2021.06.12"]

1. c4 g6 2. Nc3 c5 3. g3 Bg7 4. Bg2 Nc6 5. h4 Nf6 6. d3 d6 7. e4 h5 8. Bg5 O-O
9. Nge2 Rb8 10. Qd2 a6 11. a4 Bd7 12. O-O Nd4 13. Nxd4 cxd4 14. Ne2 Ng4 15. f3
Ne3 16. Bxe3 dxe3 17. Qxe3 Bxb2 18. Ra2 Bg7 19. a5 b5 20. axb6 Qxb6 21. d4 Rfc8
22. Rc1 a5 23. Kh2 a4 24. Ra3 Qb2 25. Rcc3 Rb4 26. Nf4 Rbxc4 27. Rxc4 Rxc4 28.
Nd5 e6 29. Nf4 Bxd4 30. Qd3 Qc2 31. Qf1 Bb5 32. Qe1 Rc3 0-1

[Event "Women's Speed Chess Main"]
[Site "chess.com INT"]
[Date "2021.06.19"]
[Round "1.22"]
[White "Muzychuk, Anna"]
[Black "Osmak, Iulija"]
[Result "1-0"]
[WhiteTitle "GM"]
[BlackTitle "IM"]
[WhiteElo "2535"]
[BlackElo "2418"]
[WhiteFideId "14111330"]
[BlackFideId "14101602"]
[EventDate "2021.06.12"]

1. e4 e6 2. d4 d5 3. Nc3 Bb4 4. e5 b6 5. a3 Bxc3+ 6. bxc3 Ne7 7. Qg4 Kf8 8. h4
c5 9. h5 h6 10. a4 Qc7 11. Rh3 Nbc6 12. Ba3 Na5 13. Rf3 cxd4 14. cxd4 Nc4 15.
Bxc4 dxc4 16. Qg6 Ke8 17. Qxf7+ Kd8 18. Qxg7 Re8 19. Rf8 Bb7 20. Qf7 Bc6 21. Nh3
Qd7 22. Nf4 Bd5 23. Nxd5 exd5 24. Bxe7+ Qxe7 25. Qxd5+ Kc7 26. Rf7 1-0

[Event "Women's Speed Chess Main"]
[Site "chess.com INT"]
[Date "2021.06.19"]
[Round "1.23"]
[White "Osmak, Iulija"]
[Black "Muzychuk, Anna"]
[Result "0-1"]
[WhiteTitle "IM"]
[BlackTitle "GM"]
[WhiteElo "2418"]
[BlackElo "2535"]
[WhiteFideId "14101602"]
[BlackFideId "14111330"]
[EventDate "2021.06.12"]

1. c4 f5 2. Nc3 Nf6 3. d4 d6 4. g3 g6 5. Bg2 Bg7 6. Nf3 O-O 7. O-O e6 8. Qc2 Nc6
9. Rd1 Qe7 10. e4 Nb4 11. Qb1 e5 12. dxe5 dxe5 13. a3 fxe4 14. Ng5 Nc6 15. Ngxe4
Bf5 16. Bg5 Qf7 17. Bxf6 Bxf6 18. Qa2 Rad8 19. b4 Nd4 20. Nxf6+ Qxf6 21. Bxb7
Bc2 22. Rf1 Bb3 23. Qb2 Bxc4 24. Rfe1 c6 25. Ne4 Qf7 26. Ng5 Qxb7 27. Rxe5 Qg7
28. Rae1 Rd5 29. Rxd5 Nf3+ 30. Nxf3 Qxb2 31. Rd7 Rxf3 0-1

[Event "Women's Speed Chess Main"]
[Site "chess.com INT"]
[Date "2021.06.19"]
[Round "1.24"]
[White "Muzychuk, Anna"]
[Black "Osmak, Iulija"]
[Result "1-0"]
[WhiteTitle "GM"]
[BlackTitle "IM"]
[WhiteElo "2535"]
[BlackElo "2418"]
[WhiteFideId "14111330"]
[BlackFideId "14101602"]
[EventDate "2021.06.12"]

1. e4 c6 2. d4 d5 3. e5 c5 4. dxc5 e6 5. a3 Bxc5 6. b4 Be7 7. Nf3 f6 8. Bb2 Nh6
9. Bd3 Nf7 10. Nbd2 Nd7 11. exf6 Bxf6 12. Bxf6 Qxf6 13. c4 Nde5 14. Nxe5 Nxe5
15. Be2 O-O 16. O-O d4 17. Ne4 Qd8 18. f4 Ng6 19. Qd2 b6 20. Bd3 Bb7 21. Rae1
Qd7 22. Ng5 Rf6 23. Qe2 Nf8 24. Qh5 h6 25. Ne4 Rf5 26. Qg4 Rd8 27. Ng3 Rf7 28.
f5 exf5 29. Nxf5 Kh8 30. Qh4 Re8 31. Rxe8 Qxe8 32. Qxd4 Qc6 33. Rf2 Rd7 34. Qe3
Qg6 35. h3 Qf6 36. Bc2 Qa1+ 37. Kh2 Rd8 38. Nxh6 Qd4 39. Nf7+ Kg8 40. Qxd4 Rxd4
41. Ne5 Ne6 42. Re2 Ng5 43. Bg6 Kf8 44. Nd7+ Rxd7 45. Re8# 1-0

[Event "Women's Speed Chess Main"]
[Site "chess.com INT"]
[Date "2021.06.19"]
[Round "1.25"]
[White "Osmak, Iulija"]
[Black "Muzychuk, Anna"]
[Result "1/2-1/2"]
[WhiteTitle "IM"]
[BlackTitle "GM"]
[WhiteElo "2418"]
[BlackElo "2535"]
[WhiteFideId "14101602"]
[BlackFideId "14111330"]
[EventDate "2021.06.12"]

1. e4 c5 2. b3 g6 3. Bb2 Nf6 4. e5 Nd5 5. Bc4 Nb6 6. e6 f6 7. exd7+ Bxd7 8. Qe2
Bg7 9. Nc3 Nc6 10. Nf3 Nxc4 11. Qxc4 b6 12. O-O-O e5 13. h4 Qe7 14. h5 O-O-O 15.
hxg6 hxg6 16. Nh4 Rh6 17. g3 Rdh8 18. Rhe1 g5 19. Nf3 Be6 20. Qe4 Qd7 21. Qe3
Nd4 22. Ne2 Bd5 23. Nfxd4 cxd4 24. Qd3 Qc6 25. Qf5+ Qd7 26. Qd3 Qc6 27. Qf5+ Qd7
28. Qd3 1/2-1/2

[Event "Women's Speed Chess Main"]
[Site "chess.com INT"]
[Date "2021.06.19"]
[Round "1.26"]
[White "Muzychuk, Anna"]
[Black "Osmak, Iulija"]
[Result "0-1"]
[WhiteTitle "GM"]
[BlackTitle "IM"]
[WhiteElo "2535"]
[BlackElo "2418"]
[WhiteFideId "14111330"]
[BlackFideId "14101602"]
[EventDate "2021.06.12"]

1. e4 c6 2. d4 d5 3. exd5 cxd5 4. Bd3 Nf6 5. c3 Bg4 6. Qb3 Qc7 7. h3 Bd7 8. Ne2
e6 9. Bf4 Qc8 10. O-O Nc6 11. Nd2 Be7 12. Nf3 Na5 13. Qc2 Nc4 14. Rae1 h6 15.
Ne5 Nxe5 16. dxe5 Ng8 17. Nd4 Bc5 18. Qe2 Ne7 19. Qg4 g6 20. Be3 a6 21. Qh4 Qc7
22. Qf6 Rg8 23. Bxh6 Nf5 24. Bxf5 Be7 25. Bxe6 Bxf6 26. Bxd7+ Kxd7 27. exf6 Rae8
28. Bg5 Rxe1 29. Rxe1 Re8 30. Rxe8 Kxe8 31. g3 Qe5 32. Be3 Qxf6 33. a4 Qb6 34.
b4 Qc7 35. Bd2 Qd7 36. a5 Qxh3 37. Be3 Qg4 38. Nb3 Qd1+ 0-1